[Event "Cheliabinsk Kurnosov Memorial Rapid"]
[Site "Cheliabinsk"]
[Date "2023.09.10"]
[Round "11"]
[White "Ogloblin, Nikolay"]
[Black "Lobanov, Sergei"]
[Result "0-1"]
[WhiteElo "2346"]
[BlackElo "2520"]
[PlyCount "64"]
[EventDate "2023.09.08"]
[EventType "swiss (rapid)"]
[EventRounds "11"]
[EventCountry "RUS"]
[SourceTitle "EXT 2024"]
[Source "ChessBase"]
[SourceDate "2023.10.10"]
[SourceVersion "1"]
[SourceVersionDate "2023.10.10"]
[SourceQuality "1"]

1. d4 Nf6 2. Nf3 d5 3. c4 e6 4. Qc2 c5 5. dxc5 Bxc5 6. cxd5 Qc7 7. Nc3 Nxd5 8. Bd2 Nb4 9. Qb3 N8c6 10. e3 0-0 11. a3 Na6 12. Qc2 Be7 13. Bd3 h6 14. b4 Ne5 15. Nxe5 Qxe5 16. 0-0 Bd7 17. f4 Qc7 18. Rac1 Rac8 19. Qd1 Qb6 20. Bb1 Rfd8 21. Qc2 f5 22. Kh1 Bb5 23. Rfd1 Be2 24. Re1 Bd3 25. Qa2 Bc4 26. Qc2 Bh4 27. Red1 Be2 28. Rg1 Bf2 29. Be1 Bxg1 30. Qxe2 Bxe3 31. Na4 Rxc1 32. Nxb6 Rdd1 0-1

[Event "Titled Tuesday intern op 25th Jan"]
[Site "Chess.com INT"]
[Date "2022.01.25"]
[Round "9"]
[White "Arabidze, Meri"]
[Black "Ogloblin, Nikolay"]
[Result "1-0"]
[WhiteElo "2432"]
[BlackElo "2346"]
[PlyCount "81"]
[EventDate "2022.01.25"]
[EventType "swiss (blitz)"]
[EventRounds "11"]
[EventCountry "USA"]
[SourceTitle "CBM 206 Extra"]
[Source "ChessBase"]
[SourceDate "2022.03.31"]
[SourceVersion "1"]
[SourceVersionDate "2022.03.31"]
[SourceQuality "1"]

1. Nf3 Nf6 2. d4 e6 3. c4 b6 4. g3 Bb4+ 5. Nbd2 Bb7 6. Bg2 0-0 7. 0-0 Bxd2 8. Bxd2 Be4 9. b4 d6 10. Qb3 Nbd7 11. a4 Qc8 12. a5 Qb7 13. Rfc1 a6 14. axb6 cxb6 15. Bh3 b5 16. c5 Bd5 17. Qa3 Ne4 18. Be1 dxc5 19. dxc5 f5 20. Nd4 Ng5 21. Bf1 Ne5 22. f4 Nc4 23. Rxc4 bxc4 24. fxg5 e5 25. Nc2 f4 26. Qc3 Qc7 27. Rd1 Rad8 28. e4 fxe3 29. Nxe3 Bf7 30. Rxd8 Rxd8 31. Bxc4 Rd4 32. Bxf7+ Qxf7 33. Bf2 Qf3 34. c6 Qf8 35. Kg2 Qc8 36. Qb3+ Kh8 37. b5 axb5 38. Qxb5 Qc7 39. Nd5 Qd6 40. Bxd4 exd4 41. c7 1-0

[Event "Titled Tuesday intern op 25th Jan"]
[Site "Chess.com INT"]
[Date "2022.01.25"]
[Round "6"]
[White "Ogloblin, Nikolay"]
[Black "Aradhya, Garg"]
[Result "0-1"]
[WhiteElo "2346"]
[BlackElo "2236"]
[PlyCount "106"]
[EventDate "2022.01.25"]
[EventType "swiss (blitz)"]
[EventRounds "11"]
[EventCountry "USA"]
[SourceTitle "CBM 206 Extra"]
[Source "ChessBase"]
[SourceDate "2022.03.31"]
[SourceVersion "1"]
[SourceVersionDate "2022.03.31"]
[SourceQuality "1"]

1. d4 d5 2. Nf3 Nf6 3. c4 c6 4. e3 Bf5 5. Nc3 e6 6. Nh4 h5 7. Qb3 Qd7 8. Nxf5 exf5 9. cxd5 cxd5 10. Bd2 Nc6 11. 0-0-0 Be7 12. Kb1 0-0 13. Rc1 Rfc8 14. f3 f4 15. Bd3 Nb4 16. Ne2 Nxd3 17. Qxd3 fxe3 18. Bxe3 g6 19. Bg5 Kg7 20. Rxc8 Rxc8 21. Rc1 Rxc1+ 22. Nxc1 Bd6 23. Bxf6+ Kxf6 24. h3 Qf5 25. Kc2 Kg5 26. Ne2 a6 27. g4 hxg4 28. hxg4 Qe6 29. Qd2+ Kf6 30. Nc3 Kg7 31. Kd3 Bb4 32. Qe2 Bxc3 33. Qxe6 fxe6 34. Kxc3 Kf6 35. Kd3 e5 36. Ke3 g5 37. Kd3 Ke6 38. b3 a5 39. a3 Kd6 40. b4 axb4 41. axb4 Ke6 42. Ke3 Kd6 43. Kd3 exd4 44. Kxd4 Ke6 45. b5 b6 46. f4 gxf4 47. g5 Kf5 48. Kxd5 f3 49. Kc6 f2 50. Kxb6 f1Q 51. Kc6 Qc4+ 52. Kb6 Kxg5 53. Ka5 Qc8 0-1

[Event "Titled Tuesday intern op 25th Jan"]
[Site "Chess.com INT"]
[Date "2022.01.25"]
[Round "4"]
[White "Ogloblin, Nikolay"]
[Black "Sarkar, Justin"]
[Result "1-0"]
[WhiteElo "2346"]
[BlackElo "2314"]
[PlyCount "87"]
[EventDate "2022.01.25"]
[EventType "swiss (blitz)"]
[EventRounds "11"]
[EventCountry "USA"]
[SourceTitle "CBM 206 Extra"]
[Source "ChessBase"]
[SourceDate "2022.03.31"]
[SourceVersion "1"]
[SourceVersionDate "2022.03.31"]
[SourceQuality "1"]

1. d4 Nf6 2. Nf3 d5 3. c4 e6 4. Qc2 c5 5. dxc5 Bxc5 6. cxd5 Qxd5 7. Nc3 Bb4 8. Bd2 Bxc3 9. Bxc3 0-0 10. e3 Rd8 11. Bxf6 gxf6 12. Bc4 Qa5+ 13. Ke2 Nc6 14. Rhd1 Bd7 15. Kf1 Be8 16. Qe4 Rxd1+ 17. Rxd1 Rd8 18. Rxd8 Qxd8 19. Qd3 Qxd3+ 20. Bxd3 Nb4 21. Bb1 Bb5+ 22. Ke1 Bd3 23. a3 Bxb1 24. axb4 e5 25. Nd2 Bd3 26. Nb3 b6 27. Kd2 Bc4 28. Na1 Kf8 29. Nc2 Ke7 30. e4 Be6 31. Ne3 Kd6 32. Kc3 Bd7 33. f3 Bc6 34. Kc4 Ke6 35. b5 Bb7 36. g4 a5 37. Nf5 Ba8 38. h4 Bb7 39. h5 Bc8 40. Ne3 Bd7 41. Nd5 Kd6 42. Nxb6 Be6+ 43. Nd5 h6 44. b3 1-0

[Event "Titled Tuesday intern op 25th Jan"]
[Site "Chess.com INT"]
[Date "2022.01.25"]
[Round "1"]
[White "Sadhwani, Raunak"]
[Black "Ogloblin, Nikolay"]
[Result "1-0"]
[WhiteElo "2616"]
[BlackElo "2346"]
[PlyCount "89"]
[EventDate "2022.01.25"]
[EventType "swiss (blitz)"]
[EventRounds "11"]
[EventCountry "USA"]
[SourceTitle "CBM 206 Extra"]
[Source "ChessBase"]
[SourceDate "2022.03.31"]
[SourceVersion "1"]
[SourceVersionDate "2022.03.31"]
[SourceQuality "1"]

1. e4 c5 2. Nc3 a6 3. Nf3 e6 4. d4 cxd4 5. Nxd4 Qc7 6. Bd3 Nf6 7. 0-0 Bc5 8. Nb3 Bb4 9. Bd2 Nc6 10. a3 Be7 11. f4 d6 12. Qf3 b5 13. Rae1 Bb7 14. g4 h5 15. g5 Nd7 16. Qh3 Nc5 17. g6 Bf6 18. gxf7+ Qxf7 19. Nxc5 dxc5 20. e5 Be7 21. f5 0-0-0 22. fxe6 Qe8 23. Ne4 c4 24. Nd6+ Bxd6 25. exd6 Rxd6 26. Bf4 Rxd3 27. cxd3 Qe7 28. dxc4 g5 29. Be5 g4 30. Qe3 Re8 31. Rf7 Qd8 32. Rc7+ Qxc7 33. Bxc7 Kxc7 34. cxb5 axb5 35. Qc5 Re7 36. Qxh5 Kd6 37. Qxb5 Bc8 38. Rd1+ Kc7 39. Re1 Bxe6 40. Qc5 Re8 41. b4 Kd7 42. Rd1+ Kc7 43. b5 Bd7 44. Rxd7+ Kxd7 45. Qxc6+ 1-0

[Event "Titled Tuesday intern op 11th Jan"]
[Site "Chess.com INT"]
[Date "2022.01.11"]
[Round "11"]
[White "Ogloblin, Nikolay"]
[Black "Kanyamarala, Trisha"]
[Result "1-0"]
[WhiteElo "2346"]
[BlackElo "2166"]
[PlyCount "89"]
[EventDate "2022.01.11"]
[EventType "swiss (blitz)"]
[EventRounds "11"]
[EventCountry "USA"]
[SourceTitle "CBM 206 Extra"]
[Source "ChessBase"]
[SourceDate "2022.03.31"]
[SourceVersion "1"]
[SourceVersionDate "2022.03.31"]
[SourceQuality "1"]

1. d4 Nf6 2. Nf3 d5 3. e3 e6 4. Bd3 c5 5. c3 Nc6 6. Nbd2 Bd6 7. 0-0 0-0 8. dxc5 Bxc5 9. e4 dxe4 10. Nxe4 Be7 11. Qe2 Qc7 12. Bg5 Nxe4 13. Qxe4 f5 14. Qh4 Bxg5 15. Qxg5 Bd7 16. Rfe1 Rae8 17. Bc4 Kh8 18. Rad1 e5 19. Qd2 Re7 20. Qd6 Qxd6 21. Rxd6 e4 22. Nd4 Ne5 23. Bf1 h6 24. Rd1 Bc6 25. Nxc6 bxc6 26. b3 f4 27. Re1 e3 28. fxe3 Nf7 29. Rd3 Rfe8 30. g3 fxe3 31. Bg2 h5 32. Bxc6 Rc8 33. Bg2 Rce8 34. c4 Ne5 35. Rd4 Ng4 36. h3 Nf6 37. Re2 Rc8 38. Rd3 Rce8 39. Bc6 Rc8 40. Bb5 Re5 41. Rdxe3 Rg5 42. Kh2 Kh7 43. Re5 Rxe5 44. Rxe5 Rd8 45. Re2 1-0

[Event "Titled Tuesday intern op 14th Dec"]
[Site "Chess.com INT"]
[Date "2021.12.14"]
[Round "6"]
[White "Ogloblin, Nikolay"]
[Black "Aradhya, Garg"]
[Result "0-1"]
[WhiteElo "2346"]
[BlackElo "2236"]
[PlyCount "70"]
[EventDate "2021.12.14"]
[EventType "swiss (blitz)"]
[EventRounds "11"]
[EventCountry "USA"]
[SourceTitle "EXT 2023"]
[Source "ChessBase"]
[SourceDate "2022.10.05"]
[SourceVersion "1"]
[SourceVersionDate "2022.10.05"]
[SourceQuality "1"]

1. d4 d5 2. Nf3 Nf6 3. c4 c6 4. e3 Bf5 5. Nc3 e6 6. Nh4 h5 7. Nxf5 exf5 8. Qb3 Qd7 9. Bd2 Be7 10. Be2 0-0 11. 0-0 Rd8 12. Rac1 g6 13. Rfd1 Bf8 14. Be1 Bh6 15. g3 h4 16. cxd5 cxd5 17. Bf3 Nc6 18. Ne2 hxg3 19. hxg3 Ne4 20. Kg2 Rac8 21. Nf4 g5 22. Nd3 g4 23. Be2 b6 24. Bc3 Qe6 25. Rh1 Nxc3 26. Rxc3 Qe4+ 27. Kg1 Bxe3 28. fxe3 Qxe3+ 29. Kf1 Nxd4 30. Nf4 Qe4 31. Rxc8 Qxh1+ 32. Kf2 Rxc8 33. Qe3 Qh2+ 34. Ke1 Nc2+ 35. Kd2 Nxe3 0-1

[Event "Titled Tuesday intern op 14th Dec"]
[Site "Chess.com INT"]
[Date "2021.12.14"]
[Round "8"]
[White "Ogloblin, Nikolay"]
[Black "Lewtak, Damian"]
[Result "1-0"]
[WhiteElo "2346"]
[BlackElo "2383"]
[PlyCount "81"]
[EventDate "2021.12.14"]
[EventType "swiss (blitz)"]
[EventRounds "11"]
[EventCountry "USA"]
[SourceTitle "EXT 2023"]
[Source "ChessBase"]
[SourceDate "2022.10.05"]
[SourceVersion "1"]
[SourceVersionDate "2022.10.05"]
[SourceQuality "1"]

1. d4 b6 2. Nf3 Bb7 3. e3 g6 4. Bd3 Bg7 5. 0-0 e6 6. c4 Ne7 7. Nc3 d6 8. b3 0-0 9. Bb2 a5 10. e4 Nbc6 11. Be2 d5 12. cxd5 exd5 13. e5 Qd7 14. Rc1 Nd8 15. Ba3 Re8 16. Nb5 Ne6 17. Qc2 Rac8 18. Bxe7 Rxe7 19. Na7 Ra8 20. Bb5 Qd8 21. Nc6 Bxc6 22. Bxc6 Ra7 23. Rfd1 g5 24. h3 h5 25. Qf5 Bh6 26. Rc3 Kg7 27. Qf6+ Kh7 28. Qf5+ Kg7 29. Nh2 Kg8 30. Nf1 Ng7 31. Qf6 Kh7 32. Ng3 Qf8 33. Bxd5 Ne6 34. Be4+ Kg8 35. Nxh5 Bg7 36. Qf5 Qd8 37. d5 Nf8 38. Nxg7 Kxg7 39. Qxg5+ Ng6 40. Rg3 Rd7 41. Qf5 1-0

[Event "Titled Tuesday intern op 14th Dec"]
[Site "Chess.com INT"]
[Date "2021.12.14"]
[Round "7"]
[White "Slavin, Alexei"]
[Black "Ogloblin, Nikolay"]
[Result "0-1"]
[WhiteElo "2364"]
[BlackElo "2346"]
[PlyCount "136"]
[EventDate "2021.12.14"]
[EventType "swiss (blitz)"]
[EventRounds "11"]
[EventCountry "USA"]
[SourceTitle "EXT 2023"]
[Source "ChessBase"]
[SourceDate "2022.10.05"]
[SourceVersion "1"]
[SourceVersionDate "2022.10.05"]
[SourceQuality "1"]

1. e4 c5 2. g3 Nc6 3. Bg2 e6 4. Ne2 Nf6 5. 0-0 d5 6. exd5 Nxd5 7. Nbc3 Nxc3 8. bxc3 Be7 9. d3 0-0 10. a4 Qc7 11. Re1 b6 12. Nf4 Bb7 13. Nh5 g6 14. Bh6 Rfd8 15. Nf4 Bf6 16. Ra3 Ne5 17. Qe2 Bxg2 18. Kxg2 Qc6+ 19. Kh3 Nf3 20. Qe4 Rac8 21. Re3 Ng5+ 22. Bxg5 Bxg5 23. Qxc6 Rxc6 24. Rf3 h5 25. Kg2 c4 26. d4 Bxf4 27. Rxf4 Rd5 28. Ra1 f5 29. Rf3 Kf7 30. Re3 Rcd6 31. h4 Ra5 32. Kf3 Kf6 33. Ke2 Rdd5 34. Kd2 e5 35. Rxe5 Rxe5 36. dxe5+ Rxe5 37. Rb1 Rc5 38. Ke3 Ke5 39. Rb4 Kd5 40. Kf4 Ra5 41. Kg5 Rc5 42. Kxg6 Ke4 43. Kxh5 Kf3 44. Kg6 Kxf2 45. h5 Kxg3 46. h6 f4 47. h7 Rc6+ 48. Kg7 Rc7+ 49. Kg8 Rc8+ 50. Kg7 Rc7+ 51. Kh6 Rc8 52. Kh5 f3 53. Kg6 f2 54. Rb1 Kg2 55. Kg7 f1Q 56. Rxf1 Kxf1 57. h8Q Rxh8 58. Kxh8 Ke2 59. Kg7 Kd2 60. Kf6 Kxc2 61. Ke5 Kxc3 62. Kd5 Kb3 63. Kc6 c3 64. Kb7 Kxa4 65. Kxa7 b5 66. Kb6 b4 67. Kc5 c2 68. Kc4 c1Q+ 0-1

[Event "Titled Tuesday intern op 23rd Nov"]
[Site "Chess.com INT"]
[Date "2021.11.23"]
[Round "3"]
[White "Nazaretyan, Tigran"]
[Black "Ogloblin, Nikolay"]
[Result "0-1"]
[WhiteElo "2316"]
[BlackElo "2346"]
[PlyCount "146"]
[EventDate "2021.11.23"]
[EventType "swiss (blitz)"]
[EventRounds "11"]
[EventCountry "USA"]
[SourceTitle "CBM 205 Extra"]
[Source "ChessBase"]
[SourceDate "2022.01.31"]
[SourceVersion "1"]
[SourceVersionDate "2022.01.31"]
[SourceQuality "1"]

1. d4 Nf6 2. c4 e6 3. Nf3 b6 4. a3 Bb7 5. Nc3 g6 6. d5 Bg7 7. e4 exd5 8. cxd5 0-0 9. Bd3 c6 10. d6 c5 11. 0-0 Re8 12. Re1 Nc6 13. Nb5 Ne5 14. Nxe5 Rxe5 15. f4 Rxe4 16. Bxe4 Nxe4 17. Nc7 Rc8 18. Be3 Bxb2 19. Ra2 Bf6 20. Rc2 Qf8 21. Nd5 Bxd5 22. Qxd5 Nxd6 23. Bf2 Rd8 24. a4 Nf5 25. Rd2 Nd4 26. Bxd4 Bxd4+ 27. Kh1 d6 28. Rde2 Qh6 29. g3 Rf8 30. Qxd6 Qh5 31. Qc6 Qf5 32. Re7 h5 33. Qe4 Qg4 34. f5 gxf5 35. Qxg4+ fxg4 36. Rxa7 c4 37. Rc1 c3 38. Rd7 Be5 39. Rd5 f6 40. Rb5 Ra8 41. Rxb6 Rxa4 42. Rb3 Rc4 43. Rc2 Kf7 44. Rb6 Kg6 45. Kg2 Rd4 46. Rc6 Rd3 47. Kf2 Kf5 48. Ke2 Rf3 49. R6xc3 Rxc3 50. Ra2 Rb3 51. Kf2 Rb2+ 52. Rxb2 Bxb2 53. Ke3 Be5 54. Kd3 h4 55. gxh4 Bxh2 56. Ke2 Bf4 57. Kf2 Kg6 58. Kg2 Kh5 59. Kh1 Kxh4 60. Kg2 f5 61. Kh1 Be5 62. Kg2 f4 63. Kh1 Kh3 64. Kg1 g3 65. Kf1 f3 66. Ke1 Bd4 67. Kd2 g2 68. Kd3 g1Q 69. Ke4 Qe3+ 70. Kd5 f2 71. Kc4 f1Q+ 72. Kd5 Qf5+ 73. Kc4 Qc3# 0-1

[Event "Titled Tuesday intern op 23rd Nov"]
[Site "Chess.com INT"]
[Date "2021.11.23"]
[Round "7"]
[White "Ogloblin, Nikolay"]
[Black "Djordjevic, Dejan N"]
[Result "1-0"]
[WhiteElo "2346"]
[BlackElo "2156"]
[PlyCount "111"]
[EventDate "2021.11.23"]
[EventType "swiss (blitz)"]
[EventRounds "11"]
[EventCountry "USA"]
[SourceTitle "CBM 205 Extra"]
[Source "ChessBase"]
[SourceDate "2022.01.31"]
[SourceVersion "1"]
[SourceVersionDate "2022.01.31"]
[SourceQuality "1"]

1. d4 Nf6 2. Nf3 g6 3. e3 Bg7 4. Be2 0-0 5. 0-0 d6 6. c4 c6 7. Nc3 a6 8. b4 b5 9. a3 Nbd7 10. Bb2 Nb6 11. c5 dxc5 12. dxc5 Nbd5 13. Nxd5 Nxd5 14. Bxg7 Kxg7 15. Qb3 Qc7 16. Qb2+ Kg8 17. Rad1 a5 18. Rd4 axb4 19. axb4 Nf6 20. Rfd1 Bf5 21. h3 Ra7 22. R4d2 Rfa8 23. Qe5 Be6 24. Qxc7 Rxc7 25. Rd8+ Rxd8 26. Rxd8+ Kg7 27. Nd4 Nd5 28. Nxe6+ fxe6 29. Bg4 Kf7 30. e4 Nxb4 31. f4 Na6 32. Rh8 Kg7 33. Ra8 Nxc5 34. e5 b4 35. Ra5 Nd3 36. Bxe6 Nxf4 37. Bc4 c5 38. Ra8 e6 39. Kf2 g5 40. g3 Ng6 41. Bxe6 Nxe5 42. Ke3 Kf6 43. Bd5 c4 44. Ra6+ Kg7 45. Kd4 c3 46. Be4 Nf7 47. Bc2 b3 48. Bxb3 c2 49. Bxc2 Rxc2 50. Ra7 Rh2 51. Ke4 Rxh3 52. Kf3 h5 53. Kg2 g4 54. Ra4 Kg6 55. Ra6+ Kf5 56. Ra1 1-0

[Event "Titled Tuesday intern op 09th Nov"]
[Site "Chess.com INT"]
[Date "2021.11.09"]
[Round "1"]
[White "Ogloblin, Nikolay"]
[Black "Ozen, Deniz"]
[Result "0-1"]
[WhiteElo "2346"]
[BlackElo "2397"]
[PlyCount "66"]
[EventDate "2021.11.09"]
[EventType "swiss (blitz)"]
[EventRounds "11"]
[EventCountry "USA"]
[SourceTitle "CBM 205 Extra"]
[Source "ChessBase"]
[SourceDate "2022.01.31"]
[SourceVersion "1"]
[SourceVersionDate "2022.01.31"]
[SourceQuality "1"]

1. d4 d5 2. Nf3 Nf6 3. c4 c6 4. e3 Bf5 5. Nc3 e6 6. Nh4 Be4 7. f3 Bg6 8. Qb3 Qc7 9. Bd2 Be7 10. 0-0-0 0-0 11. Nxg6 hxg6 12. cxd5 cxd5 13. Kb1 Nc6 14. Rc1 Rac8 15. g4 a6 16. Na4 b5 17. Nc5 Bxc5 18. Rc2 Be7 19. Bd3 Na5 20. Bxa5 Qxa5 21. Rhc1 Rxc2 22. Qxc2 Qb6 23. h4 Qd6 24. h5 gxh5 25. g5 Nd7 26. f4 Nb6 27. g6 Rc8 28. Qh2 Rxc1+ 29. Kxc1 fxg6 30. Bxg6 h4 31. Bc2 Nd7 32. Qh3 Nf8 33. Qg4 Qb4 0-1

[Event "Titled Tuesday intern op 09th Nov"]
[Site "Chess.com INT"]
[Date "2021.11.09"]
[Round "6"]
[White "Ogloblin, Nikolay"]
[Black "Petesch, Gabriel N"]
[Result "0-1"]
[WhiteElo "2346"]
[BlackElo "2330"]
[PlyCount "70"]
[EventDate "2021.11.09"]
[EventType "swiss (blitz)"]
[EventRounds "11"]
[EventCountry "USA"]
[SourceTitle "CBM 205 Extra"]
[Source "ChessBase"]
[SourceDate "2022.01.31"]
[SourceVersion "1"]
[SourceVersionDate "2022.01.31"]
[SourceQuality "1"]

1. d4 Nf6 2. Nf3 c5 3. d5 d6 4. Nc3 g6 5. e4 Bg7 6. Bb5+ Nbd7 7. h3 a6 8. Be2 b5 9. Nd2 0-0 10. a4 b4 11. Ncb1 Re8 12. 0-0 Bb7 13. Re1 e6 14. dxe6 Rxe6 15. Bd3 Qe7 16. Nc4 Re8 17. Nbd2 d5 18. Ne3 dxe4 19. Bc4 Rd6 20. Qe2 Ne5 21. Rb1 Nh5 22. Nb3 Nf4 23. Qf1 Bc8 24. Nxc5 Nf3+ 25. gxf3 Bxh3 26. Qxh3 Nxh3+ 27. Kg2 Qh4 28. Nxe4 Rxe4 29. f4 Rxf4 30. Re2 Qg5+ 31. Kh2 Ng1 32. Ng2 Nf3+ 33. Kh1 Rd1+ 34. Re1 Rxe1+ 35. Nxe1 Qg1# 0-1

[Event "Titled Tuesday intern op 09th Nov"]
[Site "Chess.com INT"]
[Date "2021.11.09"]
[Round "7"]
[White "Ogloblin, Nikolay"]
[Black "Suarez Uriel, Adrian"]
[Result "0-1"]
[WhiteElo "2346"]
[BlackElo "2343"]
[PlyCount "102"]
[EventDate "2021.11.09"]
[EventType "swiss (blitz)"]
[EventRounds "11"]
[EventCountry "USA"]
[SourceTitle "CBM 205 Extra"]
[Source "ChessBase"]
[SourceDate "2022.01.31"]
[SourceVersion "1"]
[SourceVersionDate "2022.01.31"]
[SourceQuality "1"]

1. d4 Nf6 2. Nf3 g6 3. c4 Bg7 4. Nc3 d5 5. Bg5 Ne4 6. cxd5 Nxg5 7. Nxg5 c6 8. Rc1 cxd5 9. Nxd5 Nc6 10. Nc3 0-0 11. d5 Ne5 12. Nf3 Nxf3+ 13. exf3 Qb6 14. Qb3 Bd7 15. Qxb6 axb6 16. Bc4 Rfc8 17. Bb3 b5 18. 0-0 b4 19. Ne4 Bxb2 20. Rb1 Bc3 21. Rfd1 Ba4 22. d6 exd6 23. Nxd6 Rc7 24. Ne4 Bxb3 25. axb3 Kg7 26. g3 Ra2 27. f4 h5 28. Rd3 Re2 29. Re3 Rc2 30. Rd1 Rb2 31. f5 Rxb3 32. fxg6 fxg6 33. Ng5 Kh6 34. h4 Ra3 35. Rd6 Ra1+ 36. Kg2 Re1 37. Ree6 Rxe6 38. Rxe6 b5 39. Rb6 b3 40. Rxb5 b2 41. Kf3 Ra7 42. Ke4 Ra1 43. Rb7 b1Q+ 44. Rxb1 Rxb1 45. f4 Bf6 46. Nf7+ Kg7 47. Nd6 Rb3 48. Kd5 Rxg3 49. Ke6 Re3+ 50. Kd5 Rd3+ 51. Ke6 Rxd6+ 0-1

[Event "Titled Tuesday intern op 09th Nov"]
[Site "Chess.com INT"]
[Date "2021.11.09"]
[Round "4"]
[White "Ogloblin, Nikolay"]
[Black "Zaichenko, Daria"]
[Result "1-0"]
[WhiteElo "2346"]
[BlackElo "2104"]
[PlyCount "75"]
[EventDate "2021.11.09"]
[EventType "swiss (blitz)"]
[EventRounds "11"]
[EventCountry "USA"]
[SourceTitle "CBM 205 Extra"]
[Source "ChessBase"]
[SourceDate "2022.01.31"]
[SourceVersion "1"]
[SourceVersionDate "2022.01.31"]
[SourceQuality "1"]

1. d4 d5 2. Nf3 Nf6 3. c4 e6 4. e3 Be7 5. Bd3 0-0 6. 0-0 dxc4 7. Bxc4 c5 8. dxc5 Bxc5 9. Qxd8 Rxd8 10. Be2 Nc6 11. Nbd2 a5 12. Nb3 Bb6 13. a4 Nb4 14. Bd2 Nbd5 15. Rfd1 Bd7 16. Nbd4 Ne4 17. Be1 Nc5 18. Ne5 Bxa4 19. b3 Bxb3 20. Nxb3 Nxb3 21. Rab1 a4 22. Bc4 Bc7 23. Nd3 Na5 24. Ba2 b6 25. Nb2 b5 26. Nd3 Rab8 27. e4 Nf6 28. f3 Bb6+ 29. Kf1 Nc4 30. Ke2 Ne3 31. Rdc1 Bd4 32. Bg3 Nd7 33. Bxb8 Rxb8 34. g3 e5 35. Nb4 Nc5 36. Nc6 Rc8 37. Ne7+ Kf8 38. Nxc8 1-0

[Event "Titled Tuesday intern op 09th Nov"]
[Site "Chess.com INT"]
[Date "2021.11.09"]
[Round "5"]
[White "Shkapenko, Pavel"]
[Black "Ogloblin, Nikolay"]
[Result "0-1"]
[WhiteElo "2424"]
[BlackElo "2346"]
[PlyCount "138"]
[EventDate "2021.11.09"]
[EventType "swiss (blitz)"]
[EventRounds "11"]
[EventCountry "USA"]
[SourceTitle "CBM 205 Extra"]
[Source "ChessBase"]
[SourceDate "2022.01.31"]
[SourceVersion "1"]
[SourceVersionDate "2022.01.31"]
[SourceQuality "1"]

1. e4 c5 2. c3 Nf6 3. e5 Nd5 4. d4 cxd4 5. cxd4 d6 6. Nf3 e6 7. Bc4 Nb6 8. Bd3 Bd7 9. 0-0 Bc6 10. Nc3 N8d7 11. Bf4 dxe5 12. Nxe5 Nxe5 13. dxe5 Be7 14. Qe2 Nd5 15. Bg3 Nxc3 16. bxc3 Qd5 17. f3 0-0 18. Kh1 Rfd8 19. Rfd1 Qc5 20. c4 g6 21. Rab1 Bf8 22. Bf2 Qa3 23. Bh4 Rd7 24. Be4 Rxd1+ 25. Rxd1 Bxe4 26. Qxe4 Qxa2 27. Qxb7 Re8 28. Rc1 Qd2 29. Rb1 a5 30. Be1 Qe2 31. Bxa5 Qxc4 32. Qb5 Rc8 33. Qxc4 Rxc4 34. g3 Rc5 35. Bb4 Rxe5 36. Bxf8 Kxf8 37. Rb2 Re3 38. Kg2 Ra3 39. f4 Kg7 40. Rc2 h6 41. Re2 g5 42. Re4 Kg6 43. fxg5 hxg5 44. h4 gxh4 45. Rxh4 f5 46. Rb4 Kg5 47. Kf2 e5 48. Rb8 Ra2+ 49. Ke3 Ra3+ 50. Kf2 Ra6 51. Ke3 Kf6 52. Rf8+ Ke6 53. Kf2 Ra2+ 54. Kf3 Ra3+ 55. Kf2 Ra2+ 56. Kf3 e4+ 57. Kf4 Rf2+ 58. Kg5 Rf3 59. Kh4 Ke5 60. Rd8 Rf1 61. Kh3 Rf2 62. Rd7 e3 63. Re7+ Kd4 64. Kh4 Rf3 65. g4 f4 66. g5 Rg3 67. Kh5 f3 68. g6 f2 69. Rf7 e2 0-1

[Event "Titled Tuesday intern op 26th Oct"]
[Site "Chess.com INT"]
[Date "2021.10.26"]
[Round "1"]
[White "Ogloblin, Nikolay"]
[Black "Mikhailovsky, Vladimir"]
[Result "0-1"]
[WhiteElo "2346"]
[BlackElo "2184"]
[PlyCount "60"]
[EventDate "2021.10.26"]
[EventType "swiss (blitz)"]
[EventRounds "11"]
[EventCountry "USA"]
[SourceTitle "CBM 204 Extra"]
[Source "ChessBase"]
[SourceDate "2021.11.30"]
[SourceVersion "1"]
[SourceVersionDate "2021.11.30"]
[SourceQuality "1"]

1. d4 g6 2. Nf3 Bg7 3. c4 e6 4. Nc3 d5 5. Bf4 Ne7 6. e3 0-0 7. h3 b6 8. Rc1 a6 9. cxd5 exd5 10. Bd3 Bb7 11. 0-0 Nd7 12. Qc2 c5 13. b3 Rc8 14. Qe2 b5 15. Bd6 c4 16. Bb1 Re8 17. Qb2 Qb6 18. Qa3 Bf8 19. bxc4 dxc4 20. e4 Nc6 21. Bxf8 Nxf8 22. Qc5 Qxc5 23. dxc5 Ne5 24. Nxe5 Rxe5 25. f4 Rexc5 26. e5 b4 27. Ne4 Bxe4 28. Bxe4 a5 29. Rfd1 a4 30. Rd7 Nxd7 0-1

[Event "Titled Tuesday intern op 26th Oct"]
[Site "Chess.com INT"]
[Date "2021.10.26"]
[Round "10"]
[White "Silvestre, Christian"]
[Black "Ogloblin, Nikolay"]
[Result "1-0"]
[WhiteElo "1942"]
[BlackElo "2346"]
[PlyCount "115"]
[EventDate "2021.10.26"]
[EventType "swiss (blitz)"]
[EventRounds "11"]
[EventCountry "USA"]
[SourceTitle "CBM 204 Extra"]
[Source "ChessBase"]
[SourceDate "2021.11.30"]
[SourceVersion "1"]
[SourceVersionDate "2021.11.30"]
[SourceQuality "1"]

1. Nf3 Nf6 2. d4 e6 3. Bg5 d5 4. Nbd2 Be7 5. e3 b6 6. Bd3 Bb7 7. Qe2 Ne4 8. Bxe7 Qxe7 9. 0-0 Nd7 10. a4 c5 11. a5 Nxd2 12. Qxd2 0-0 13. Bb5 Rfc8 14. Bxd7 Qxd7 15. c3 f6 16. axb6 axb6 17. b4 Qb5 18. bxc5 bxc5 19. Rab1 Qc6 20. h3 Ba6 21. Rfc1 Rcb8 22. Rxb8+ Rxb8 23. Qa2 Bc4 24. Qa7 Rc8 25. Rb1 Ra8 26. Qe7 Re8 27. Qa7 Ra8 28. Qe7 Qe8 29. Qxc5 Rc8 30. Qd6 Qc6 31. Qe7 Qe8 32. Qd6 Qc6 33. Qg3 Bd3 34. Rc1 Kf7 35. Qf4 Kg8 36. h4 Qc7 37. Qxc7 Rxc7 38. Nd2 Kf7 39. Kh2 h6 40. Kg3 g5 41. hxg5 hxg5 42. Nf3 Kg6 43. Nd2 Ra7 44. c4 Ra2 45. Nf3 Bxc4 46. Rg1 Be2 47. Re1 Bd3 48. Rd1 Be4 49. Rc1 Ra6 50. Rc5 Bd3 51. Rc3 Bc4 52. Rc2 Ra3 53. Rb2 Ra6 54. Rb4 Kf5 55. Rb7 Be2 56. Rg7 Bxf3 57. Kxf3 Ra1 58. g4# 1-0

[Event "Titled Tuesday intern op 05th Oct"]
[Site "Chess.com INT"]
[Date "2021.10.05"]
[Round "1"]
[White "Dardha, Daniel"]
[Black "Ogloblin, Nikolay"]
[Result "1-0"]
[WhiteElo "2527"]
[BlackElo "2346"]
[PlyCount "57"]
[EventDate "2021.10.05"]
[EventType "swiss (blitz)"]
[EventRounds "11"]
[EventCountry "USA"]
[SourceTitle "CBM 204 Extra"]
[Source "ChessBase"]
[SourceDate "2021.11.30"]
[SourceVersion "1"]
[SourceVersionDate "2021.11.30"]
[SourceQuality "1"]

1. d4 Nf6 2. Bg5 d5 3. Bxf6 exf6 4. e3 c6 5. g3 Bd6 6. Bg2 0-0 7. Nd2 Re8 8. Ne2 Nd7 9. 0-0 f5 10. c4 dxc4 11. Nxc4 Bf8 12. Rb1 Nf6 13. b4 a6 14. a4 Be6 15. Na5 Qd7 16. Qd2 Nd5 17. Rfc1 Rac8 18. Nc4 b5 19. Bxd5 Bxd5 20. Nb6 Qe6 21. Nf4 Qe4 22. Nfxd5 Rcd8 23. Nf4 Rd6 24. Qc2 Qf3 25. axb5 axb5 26. Qxf5 Rh6 27. Nd7 Ra8 28. Ne5 g6 29. Qxf7+ 1-0